Vista normal
Vista MARC
Entrada Nombre personal
Número de registros utilizados en: 1
001 - NÚMERO DE CONTROL
- campo de control: 90470
003 - IDENTIFICADOR DEL NÚMERO DE CONTROL
- campo de control: DO-SdBNP
005 - FECHA Y HORA DE LA ÚLTIMA TRANSACCIÓN
- campo de control: 20260702144455.0
008 - DATOS DE LONGITUD FIJA
- campo de control de longitud fija: 260702|| aza||aabn | a|a d
040 ## - FUENTE DE LA CATALOGACIÓN
- Centro catalogador/agencia de origen: DO-SdBNP
- Lengua de catalogación: spa
- Centro/agencia transcriptor: BNPHU
- Normas de descripción: rda
100 ## - ENCABEZAMIENTO-NOMBRE DE PERSONA
- Nombre de persona: Cruz, Teresa Janet de la
370 ## - LUGAR ASOCIADO
- Lugar de nacimiento: San Pedro de Macorís, República Dominicana
372 ## - CAMPO DE ACTIVIDAD
- Campo de actividad: Odontología
373 ## - GRUPO ASOCIADO
- Grupo asociado: Universidad Central del Este
- Grupo asociado: Universidad Autónoma de Santo Domingo, UASD.
374 ## - OCUPACIÓN
- Ocupación: Doctora
375 ## - GÉNERO/SEXO
- Género/Sexo: Femenino
678 ## - DATOS BIOGRÁFICOS O HISTÓRICOS
- Datos biográficos o históricos: Teresa Janrt se cómo amante de la lectura y de la investigación en ciencias de la salud, y como propulsora de la vida saludable. Los valores que la caracterizan son la perseverancia, resiliencia y coherencia al actuar. Es una persona que cumple sus compromisos y honra sus palabras.
